| 000 | 00873nam a2200253Ia 4500 | ||
|---|---|---|---|
| 003 | GCL | ||
| 008 | 140319s9999 xx 000 0 ara d | ||
| 020 | _a1007609977 | ||
| 040 |
_aGCL / _cGCL |
||
| 082 | 0 | 4 |
_aق _b962.06 _bم س |
| 100 | 1 | _aمحسن محمد | |
| 245 | 1 | 0 |
_aسقط النظام فى 4 ايام ثورة 23 يوليو بالوثائق السرية / _cمحسن محمد |
| 250 | _aالاولى | ||
| 260 |
_aالقاهرة : _bدار الشروق ، _c1992 |
||
| 300 |
_a351 ص ؛ _c24سم |
||
| 650 | 0 | 4 | _aثورة 23 يوليو 1952 |
| 650 | 0 | 4 | _aالجيش المصرى |
| 650 | 0 | 4 | _aالملك فاروق |
| 650 | 0 | 4 | _aجمال عبدالناصر |
| 650 | 0 | 4 | _aمصر - الاحوال السياسية |
| 650 | 0 | 4 | _aمصر - الاحوال الاجتماعية |
| 650 | 0 | 4 | _aمصر - تاريخ - العصر الحديث |
| 942 |
_2ddc _cBK |
||
| 999 |
_c37070 _d37070 |
||